| 000 | 00786nam a22002415a 4500 | ||
|---|---|---|---|
| 999 |
_c2797 _d2797 |
||
| 001 | 12614959 | ||
| 005 | 20180104145135.0 | ||
| 008 | 011005s2001 za a b 001 0 eng | ||
| 010 | _a 2001311781 | ||
| 020 | _a9982848003 | ||
| 035 | _a(DLC) 2001311781 | ||
| 040 |
_aDLC _cDLC |
||
| 042 | _alcode | ||
| 100 | 1 |
_aKangende, Kenneth, _d1953- _936891 |
|
| 245 | 1 | 0 |
_aZambian myths and legends of the wild / _cKenneth Kangende. |
| 260 |
_aLusaka : _bMINTA Publishers, _cc2001. |
||
| 300 |
_axii, 201 p. : _bill. ; _c21 cm. |
||
| 504 | _aIncludes bibliographical references (p. 196-201) and indexes. | ||
| 650 |
_aFolklore _xZambia _936892 |
||
| 906 |
_a7 _bibc _corigode _d3 _encip _f20 _gy-gencatlg |
||
| 942 |
_2lcc _cMONOGRAPH |
||